00556 2200205 4500001002100000005001500021035002000036007000300056008004100059020002200100082000800122084001400130100001500144245006500159250001100224260003600235300004600271650001700317990001600334INLIS00000000000036720221026113411 a0010-1022000109ta221026 a 1 ind  a978-602-430-292-4 a297 a297 ABU k0 aAbu Razifa1 aKeledai dan Nabi Zubair :bKomik Balita Muslim /cAbu Razifa aCet. I aBandung :bPenerbit Main,c2018 a16 halaman :bilustrasi berwarna ;c17 cm 4aFiksi Islami a00000000465